| 000 | 00491nam a22001937a 4500 | ||
|---|---|---|---|
| 999 |
_c7572 _d7572 |
||
| 003 | OSt | ||
| 005 | 20200314150737.0 | ||
| 008 | 200314b ||||| |||| 00| 0 eng d | ||
| 020 | _a9789386552723 | ||
| 040 | _abmsca | ||
| 041 | _aeng | ||
| 082 | _a891.1 | ||
| 100 | _qSharma, sandhya | ||
| 110 | _aSandhya sharma | ||
| 245 | _aLiterature,culture and history in mughal north India 1550-1800 | ||
| 260 |
_aDelhi: _bPrimus books _c2011 Printing, 2018. |
||
| 300 | _aX, 241.: | ||
| 942 | _2ddc | ||